[Event "Nicolo La Rosa op 17th"]
[Site "Mazara del Vallo"]
[Date "2009.08.09"]
[Round "5"]
[White "Cunati, Valerio"]
[Black "D'Angelo, Giovanni"]
[Result "1-0"]
[WhiteElo "1700"]
[BlackElo "1647"]
[PlyCount "35"]
[EventDate "2009.08.07"]
[EventType "swiss"]
[EventRounds "6"]
[EventCountry "ITA"]
[SourceTitle "EXT 2011"]
[Source "ChessBase"]
[SourceDate "2010.11.26"]
[SourceVersion "1"]
[SourceVersionDate "2010.11.26"]
[SourceQuality "1"]

1. e4 d6 2. Nf3 Nf6 3. Nc3 g6 4. d4 Bg7 5. Be2 0-0 6. h3 Nc6 7. 0-0 e5 8. Bg5 exd4 9. Nxd4 Nxd4 10. Qxd4 Be6 11. Qe3 Re8 12. Rad1 Qe7 13. f4 Bd7 14. e5 Qe6 15. Bxf6 Bxf6 16. Bg4 Qe7 17. Nd5 Qd8 18. Nxf6+ 1-0

[Event "Nicolo La Rosa op 15th"]
[Site "Mazara del Vallo"]
[Date "2007.08.12"]
[Round "6"]
[White "D'Angelo, Giovanni"]
[Black "Pipitone, Marco"]
[Result "1-0"]
[WhiteElo "1440"]
[BlackElo "1176"]
[PlyCount "47"]
[EventDate "2007.08.10"]
[EventType "swiss"]
[EventRounds "6"]
[EventCountry "ITA"]
[SourceTitle "EXT 2011"]
[Source "ChessBase"]
[SourceDate "2010.11.26"]
[SourceVersion "1"]
[SourceVersionDate "2010.11.26"]
[SourceQuality "1"]

1. e4 e5 2. Nf3 Nc6 3. Bc4 Nf6 4. Ng5 Qe7 5. Nxf7 Rg8 6. Ng5 Na5 7. Bxg8 Nxg8 8. d3 Qb4+ 9. Nc3 Qe7 10. Qh5+ g6 11. Qxh7 Qxh7 12. Nxh7 Bb4 13. Bd2 Bxc3 14. Bxc3 Nc6 15. 0-0 d6 16. f4 exf4 17. Rxf4 a5 18. Rf8+ Ke7 19. Rxg8 Kf7 20. Rf8+ Ke7 21. Raf1 Ke6 22. R1f6+ Ke7 23. R6f7+ Ke6 24. Rxc7 1-0